00648nam a2200157 i 450000100060000000300090000600500170001500700030003200800410003511100870007624501170016326000710028030000460035171000620039785200310045946227ES-MaACL20230906161339.0t|030328s1978 sp ||||1| eng d2 aConferencia Internacional sobre Virus y Virosis de la Vid (n6ª.d1976. cMadrid)10aProcedings of the 6th Conference on Virus and Virus deseases of the grapevine... España 13-21 septiembre 1976. aMadrid : bInstituto Nacional de Investigaciones Agrarias, c1978. aLIV, 374 p., 29 lám. : bil. ; c25 cm.2 aInstituto Nacional de Investigaciones Agrarias (España) aES-MaACLjL-298 bR.100884